O Corpo Humano (Registo nº 748)

Detalhes MARC
000 -Etiqueta do registo
Cabeçalho 00725nam0a22003011 4500
005 - Identificador da versão
Campo de controlo 20240813121812.0
010 ## - Número internacional normalizado dos livros (ISBN)
Número (ISBN) 972412228X
021 ## - Número do Depósito Legal
Código do país PT
Número 146832/00
035 ## - Other System Control Numbers
System Control Number 0000818
System Control Number 0000813
System Control Number 0000806
System Control Number 0000794
100 ## - Dados gerais de processamento
Dados gerais de processamento 20071206d2000 a e0pory5003 ba
102 ## - Pais de publicação ou produção
País de publicação Portugal
101 1# - Língua de publicação
Língua do texto, banda sonora, etc. Português
Língua do documento no original Italiano
106 ## - Campo de dados codificados: material textual
Dados codificados do material textual r
105 ## - Campo de dados codificados: livros
Dados codificados dos livros a z 001yy
215 ## - Descrição física 
Indicação específica da natureza do documento e extensão da espécie 95 p.
Outras indicações físicas il.
Dimensões cm
200 1# - Titulo e menção de responsabilidade
Título próprio O Corpo Humano
Primeira menção de responsabilidade Stefano Cagliano
Outras menções de responsabilidade Francesco Petracchi
225 2# - Colecção 
Título próprio da colecção Enciclopédia da Ciência
Indicação de volume 18
205 ## - Menção da edição
Menção da edição 1ª ed.
210 ## - Publicação, Distribuição, etc. 
Lugar da edição, distribuição, etc. Porto
Nome do editor, distribuidor, etc. Asa Editores II , S.A.
Data da publicação, distribuição, etc. 2000
702 #1 - Nome de autor-pessoa física (responsabilidade secundária)
Número de registo de entrada de autoridade 0001036
Código de função Tradutor
701 #1 - Nome de autor-pessoa física (co-responsabilidade principal)
Código de função Ilustrador / Técnico de desenho computorizado
942 ## - Elementos de entrada adicionados (Koha)
Tipo de item no Koha Livro
Exemplares
Situação do levantamento Origin of item (home branch) (coded) Biblioteca de empréstimo Código de barras Circulation type (not for loan) Tipo de documento Nota do exemplar Damaged status
  Biblioteca Escolar Eng. Nuno Mergulhão Biblioteca Escolar Eng. Nuno Mergulhão BENM1361   Livro Sem mensagem